01850nam a22002531 450000100060000000300080000600500170001400800390003103500190007003500180008904000290010704100080013608200210014424500510016526000450021630000260026150510340028765000350132165000360135670000350139294200120142799900170143995201400145622519BD-RjUL20211209000821.0140308s1965 nyu 000 1 eng a(BD-RjUL)22584 a(OCoLC)351649 aDLCcODaWUdBD-RjULbeng aeng04a823.01bREA 196510aRead with me /cselected by Thomas B. Costain. aGarden City ; N.Y. :bDoubleday,cc1965. axii, 623 p. ;c22 cm.0 aAlbee / The next voice you hear -- Allen / The city of brotherly love -- Barrett / The lilies of the field -- Beer / Tact -- Behan / The confirmation suit -- Benet / Johnny Pye and the fool-killer -- The ballad of Leif the lucky -- Bradshaw / A portrait reversed -- Chesterton / The queer feet -- Christie / Accident -- Endore / The King of Paris dies -- Fitzgerald / Magnetism -- Gallico / The snow goose -- Godden / Mooltiki -- Hecht / Miracle of the fifteen murders -- Hemingway / In another country -- Household / Children's crusade -- Kantor / Lobo -- Kipling / The man who was -- Leacock My revelations as a spy -- McCarthy / Ask me no questions -- O'Hara / Exactly eight thousand dollars exactly -- The sun-dodgers -- Parker / Clothe the naked -- Picthall / The worker in sandalwood -- Porter / Theytrample on your heart -- Priestly / The other place -- Runyon / Johnny one-eye -- Scoggins / The proud old name -- Sheean / The pieces of a fan -- Wiesel / Dawn -- Wodehouse / The clicking of cuthbert -- Woolf / The legacy. 0aShort stories, English.957167 0aShort stories, American.9695431 aCostain, Thomas Bertram969542 2ddccBK c22519d22519 00102ddc40728FICaRUCLbRUCLcReadingd1956-08-10eDouble Day Companyl0o823.01 REA 1965r2014-03-08 00:00:00tC-1w2014-03-08yBK